|
|
|
|
| LEADER |
02934nam a22004935i 4500 |
| 001 |
978-1-4614-8705-0 |
| 003 |
DE-He213 |
| 005 |
20151103122740.0 |
| 007 |
cr nn 008mamaa |
| 008 |
130913s2014 xxu| s |||| 0|eng d |
| 020 |
|
|
|a 9781461487050
|9 978-1-4614-8705-0
|
| 024 |
7 |
|
|a 10.1007/978-1-4614-8705-0
|2 doi
|
| 040 |
|
|
|d GrThAP
|
| 050 |
|
4 |
|a HV6001-7220.5
|
| 072 |
|
7 |
|a JKV
|2 bicssc
|
| 072 |
|
7 |
|a SOC004000
|2 bisacsh
|
| 082 |
0 |
4 |
|a 364
|2 23
|
| 100 |
1 |
|
|a Donkin, Susan.
|e author.
|
| 245 |
1 |
0 |
|a Preventing Terrorism and Controlling Risk
|h [electronic resource] :
|b A Comparative Analysis of Control Orders in the UK and Australia /
|c by Susan Donkin.
|
| 264 |
|
1 |
|a New York, NY :
|b Springer New York :
|b Imprint: Springer,
|c 2014.
|
| 300 |
|
|
|a XV, 89 p. 3 illus.
|b online resource.
|
| 336 |
|
|
|a text
|b txt
|2 rdacontent
|
| 337 |
|
|
|a computer
|b c
|2 rdamedia
|
| 338 |
|
|
|a online resource
|b cr
|2 rdacarrier
|
| 347 |
|
|
|a text file
|b PDF
|2 rda
|
| 490 |
1 |
|
|a SpringerBriefs in Criminology,
|x 2192-8533 ;
|v 1
|
| 505 |
0 |
|
|a Introduction -- Legal Framework -- Criminological Insights -- From Crime Prevention to Crime Pre-emption -- Control Order Case Studies -- Discussion.
|
| 520 |
|
|
|a This Brief takes a provocative look at existing socio-legal literature with a comparative study of terrorism control orders, focusing on how the concept of pre-emption fits within a traditional criminological framework. This timely work examines how such measures might be conceived and interpreted within a situational crime prevention approach. Over the past decade, socio-legal scholars have identified a rise in pre-emptive control mechanisms to respond to terrorism and other threats in the post-9/11 world. Many have argued that this pre-emptive rationale has been used to justify the introduction of measures that transcend established legal and risk frameworks, to deal with individuals or groups thought to pose a threat to the state or its citizens. Preventing Terrorism and Controlling Risk: A Comparative Analysis of Control Orders in the UK and Australia will be of interest to researchers in Criminology and Criminal Justice, particularly with a focus on terrorism, risk assessment, and human rights.
|
| 650 |
|
0 |
|a Social sciences.
|
| 650 |
|
0 |
|a Private international law.
|
| 650 |
|
0 |
|a Conflict of laws.
|
| 650 |
|
0 |
|a International law.
|
| 650 |
|
0 |
|a Comparative law.
|
| 650 |
|
0 |
|a Criminology.
|
| 650 |
1 |
4 |
|a Social Sciences.
|
| 650 |
2 |
4 |
|a Criminology & Criminal Justice.
|
| 650 |
2 |
4 |
|a Private International Law, International & Foreign Law, Comparative Law.
|
| 710 |
2 |
|
|a SpringerLink (Online service)
|
| 773 |
0 |
|
|t Springer eBooks
|
| 776 |
0 |
8 |
|i Printed edition:
|z 9781461487043
|
| 830 |
|
0 |
|a SpringerBriefs in Criminology,
|x 2192-8533 ;
|v 1
|
| 856 |
4 |
0 |
|u http://dx.doi.org/10.1007/978-1-4614-8705-0
|z Full Text via HEAL-Link
|
| 912 |
|
|
|a ZDB-2-SHU
|
| 950 |
|
|
|a Humanities, Social Sciences and Law (Springer-11648)
|